000 00705nam a2200217 4500
003 OSt
005 20240627055926.0
006 a
008 240627b |||||||| |||| 00| 0 eng d
020 _a978971373941
040 _aDWCL-Main lib.
_cOC
082 _aFil. 741.5 V834 2010
110 _a Jemma Development Group
245 _aVisual guide : animation and multimedia : introduction to animation and multimedia, Windows movie maker, adobe flash /
260 _aManila :
_bJemma, Inc. ,
_cc2010.
300 _axii,
_b313 p. : ill. ;
_c26 cm.
504 _aIncludes bibliographical references.
650 _a1. Computer animation.
650 _a2. Multimedia.
942 _2ddc
_n0
_cBK - FIL
_kFil.
999 _c1490
_d1490